[Event "FBL 1"]
[Site "?"]
[Date "2018.11.17"]
[Round "3.4"]
[White "Fuchs, Judith"]
[Black "Winterholler, Christina"]
[Result "1-0"]
[WhiteElo "2263"]
[BlackElo "2054"]
[PlyCount "85"]
[EventDate "2018.10.27"]
[EventType "team-tourn"]
[EventCountry "GER"]
[WhiteTeam "Hamburger SK"]
[BlackTeam "Hofheim SV"]
[WhiteTeamCountry "GER"]
[BlackTeamCountry "GER"]

1. e4 d5 2. exd5 Qxd5 3. Nc3 Qd6 4. d4 c6 5. Nf3 Nf6 6. Ne5 Bf5 7. Bc4 e6 8.
Bf4 Qb4 9. Rb1 Ne4 10. Bd2 Nxd2 11. Qxd2 Bd6 12. a3 Qa5 13. Nf3 Qc7 14. Nh4 Bg6
15. Qe2 Qe7 16. g3 Nd7 17. Nxg6 hxg6 18. Ne4 O-O-O 19. b4 Nb6 20. Ba2 Bc7 21.
c3 e5 22. Nc5 Rhe8 23. O-O exd4 24. Qg4+ Kb8 25. cxd4 Qe2 26. Qxe2 Rxe2 27.
Bxf7 Rxd4 28. Bxg6 Bd6 29. Nb3 Rd5 30. Bf7 Rde5 31. Nd4 R2e4 32. Rfd1 Kc7 33.
Rbc1 a6 34. f4 Re7 35. Bg6 Re2 36. Nxe2 Rxe2 37. Rc3 Na4 38. Rcd3 Re6 39. f5
Rf6 40. g4 Bf8 41. Rd7+ Kb6 42. g5 Rxg6 43. fxg6 1-0

[Event "FBL 1"]
[Site "?"]
[Date "2018.11.17"]
[Round "3.5"]
[White "Roessler, Ulrike"]
[Black "Hegeler, Anja"]
[Result "1-0"]
[WhiteElo "2132"]
[BlackElo "2122"]
[PlyCount "95"]
[EventDate "2018.10.27"]
[EventType "team-tourn"]
[EventCountry "GER"]
[WhiteTeam "Hofheim SV"]
[BlackTeam "Hamburger SK"]
[WhiteTeamCountry "GER"]
[BlackTeamCountry "GER"]

1. e4 e6 2. d4 d5 3. Nc3 Nc6 4. e5 f6 5. Nf3 Bd7 6. exf6 Qxf6 7. Bg5 Qf7 8. Bb5
Bd6 9. Qe2 Nge7 10. O-O-O O-O-O 11. Bxc6 Bxc6 12. Rhe1 Bf4+ 13. Kb1 Rd6 14. g3
Bxg5 15. Nxg5 Qf6 16. Nxe6 Nf5 17. g4 Nh4 18. g5 Qf5 19. Nc5 Nf3 20. Rh1 Re8
21. Qd3 Qxd3 22. Nxd3 Nxd4 23. f4 Nf3 24. Nb4 d4 25. Nxc6 Rxc6 26. Nb5 Re2 27.
Nxa7+ Kd7 28. Nxc6 bxc6 29. Kc1 c5 30. h4 Kd6 31. h5 c4 32. Rh3 Rf2 33. Rxf3
Rxf3 34. Rxd4+ Kc5 35. Rd7 Rf1+ 36. Kd2 Rf2+ 37. Kd1 Rf1+ 38. Ke2 Rh1 39. Rxg7
Rxh5 40. Ke3 Kd6 41. Kd4 Rh4 42. Rf7 Rh2 43. Rf6+ Kd7 44. Kc3 c5 45. a4 Ke7 46.
a5 h5 47. a6 Rh1 48. Rh6 1-0

[Event "FBL 1"]
[Site "?"]
[Date "2018.11.17"]
[Round "3.6"]
[White "Schmidt, Jade"]
[Black "Kushka, Alena"]
[Result "0-1"]
[WhiteElo "2065"]
[BlackElo "2153"]
[PlyCount "92"]
[EventDate "2018.10.27"]
[EventType "team-tourn"]
[EventCountry "GER"]
[WhiteTeam "Hamburger SK"]
[BlackTeam "Hofheim SV"]
[WhiteTeamCountry "GER"]
[BlackTeamCountry "GER"]

1. d4 Nf6 2. c4 c5 3. d5 g6 4. Nc3 Bg7 5. e4 d6 6. f3 O-O 7. Be3 e6 8. Qd2 exd5
9. cxd5 a6 10. a4 Re8 11. Nge2 Nbd7 12. Ng3 Qa5 13. Ra3 Ne5 14. Be2 c4 15. O-O
Qc7 16. h3 b6 17. f4 Ned7 18. e5 dxe5 19. d6 Qc6 20. f5 Bb7 21. Rf2 Bf8 22.
fxg6 hxg6 23. Ra1 Re6 24. Raf1 Rxd6 25. Qc2 Bg7 26. Bf3 Qc7 27. Bxb7 Qxb7 28.
Nge4 Rd3 29. Nxf6+ Bxf6 30. Nd1 Qd5 31. Bxb6 Bh4 32. Rxf7 Nxb6 33. a5 Nd7 34.
Nc3 Qxf7 35. Rxf7 Kxf7 36. Qe2 Rf8 37. Qg4 Rd4 38. Qf3+ Kg8 39. Qc6 Rf6 40.
Qc8+ Kg7 41. Kh2 Bg5 42. Qb7 Bf4+ 43. Kg1 Bg3 44. b4 e4 45. Qa7 Rd3 46. Qb7 e3
0-1

[Event "FBL 1"]
[Site "?"]
[Date "2018.11.17"]
[Round "3.1"]
[White "Girya, Olga"]
[Black "Unuk, Laura"]
[Result "0-1"]
[WhiteElo "2481"]
[BlackElo "2248"]
[PlyCount "108"]
[EventDate "2018.10.27"]
[EventType "team-tourn"]
[EventCountry "GER"]
[WhiteTeam "Koenigshofen SC"]
[BlackTeam "Norderstedt TuRa Harksheide"]
[WhiteTeamCountry "GER"]
[BlackTeamCountry "GER"]

1. d4 Nf6 2. c4 e6 3. Nf3 d5 4. Nc3 Be7 5. Bg5 O-O 6. e3 h6 7. Bxf6 Bxf6 8. Rc1
b6 9. cxd5 exd5 10. Bd3 Bb7 11. O-O Be7 12. Qb3 c6 13. e4 dxe4 14. Bxe4 Nd7 15.
Ne5 Nxe5 16. dxe5 Qd4 17. Rfe1 Rad8 18. a3 Bc5 19. Qc2 Qd2 20. Qxd2 Rxd2 21.
Re2 Rxe2 22. Nxe2 Re8 23. b4 Rxe5 24. Ng3 Bf8 25. Rd1 Re7 26. Rd8 c5 27. f3 g6
28. Bxb7 Rxb7 29. Ne4 Kg7 30. b5 Rc7 31. Rd3 c4 32. Rc3 Bc5+ 33. Kf1 Bd4 34.
Rc2 Be5 35. Ke2 f5 36. Nd2 c3 37. Nb1 Rc5 38. a4 Rc4 39. g3 Rxa4 40. f4 Rb4 41.
Nxc3 Bxc3 42. Rxc3 Rxb5 43. Rc7+ Kf6 44. Rxa7 Rd5 45. Rb7 Rd6 46. Kf3 h5 47.
Kg2 Ke6 48. Kh3 Kd5 49. Kh4 Kc5 50. Rc7+ Rc6 51. Rd7 b5 52. Rd1 b4 53. Rb1 Rb6
54. Kg5 Kc4 0-1

[Event "FBL 1"]
[Site "?"]
[Date "2018.11.17"]
[Round "3.2"]
[White "Antolak, Julia"]
[Black "Shuvalova, Polina"]
[Result "1/2-1/2"]
[WhiteElo "2240"]
[BlackElo "2421"]
[PlyCount "82"]
[EventDate "2018.10.27"]
[EventType "team-tourn"]
[EventCountry "GER"]
[WhiteTeam "Norderstedt TuRa Harksheide"]
[BlackTeam "Koenigshofen SC"]
[WhiteTeamCountry "GER"]
[BlackTeamCountry "GER"]

1. e4 e5 2. Nf3 Nc6 3. Bb5 a6 4. Ba4 Nf6 5. O-O Be7 6. Re1 b5 7. Bb3 d6 8. c3
O-O 9. h3 Nb8 10. d4 Nbd7 11. c4 c6 12. a3 exd4 13. Nxd4 Ne5 14. cxb5 axb5 15.
Be3 Bd7 16. Nc3 Re8 17. Qe2 Bf8 18. Rad1 Rb8 19. f4 Nc4 20. Bxc4 bxc4 21. Qxc4
Rxb2 22. Nf3 Be6 23. Qxc6 Qa5 24. Bd4 Bd7 25. Qc4 Rc8 26. Qd3 Rb3 27. Rc1 d5
28. Nd2 Rxa3 29. Ndb1 dxe4 30. Qd1 Nd5 31. Nxa3 Bxa3 32. Ra1 Nxc3 33. Bxc3 Qxc3
34. Qxd7 Bf8 35. Rad1 e3 36. Kh1 Rb8 37. Qa7 Re8 38. Qd7 Re4 39. Qd3 Qxd3 40.
Rxd3 Rxf4 41. Rexe3 g6 1/2-1/2

[Event "FBL 1"]
[Site "?"]
[Date "2018.11.17"]
[Round "3.3"]
[White "Melamed, Tatjana"]
[Black "Gosciniak, Maria"]
[Result "1-0"]
[WhiteElo "2397"]
[BlackElo "2083"]
[PlyCount "89"]
[EventDate "2018.10.27"]
[EventType "team-tourn"]
[EventCountry "GER"]
[WhiteTeam "Koenigshofen SC"]
[BlackTeam "Norderstedt TuRa Harksheide"]
[WhiteTeamCountry "GER"]
[BlackTeamCountry "GER"]

1. e4 Nf6 2. e5 Nd5 3. d4 d6 4. c4 Nb6 5. f4 dxe5 6. fxe5 Nc6 7. Be3 Bf5 8. Nc3
e6 9. Be2 Be7 10. Nf3 O-O 11. O-O f6 12. exf6 Bxf6 13. Qd2 Qe7 14. Rad1 Rad8
15. Qc1 Rd7 16. h3 h6 17. Rd2 Rfd8 18. Rfd1 Kh8 19. Kh1 Qe8 20. b3 Bh7 21. Nb5
a6 22. Nc3 Ne7 23. Bf2 Ng6 24. Ne4 Be7 25. Nc5 Bxc5 26. dxc5 Rxd2 27. Rxd2 Rxd2
28. Qxd2 Nd7 29. c6 bxc6 30. Qe3 e5 31. Bg3 e4 32. Nd2 Nf6 33. Bxc7 Ne7 34. Be5
Nf5 35. Qc3 e3 36. Nf1 Ne4 37. Qb2 Qg6 38. g4 Nh4 39. Qd4 Nf2+ 40. Kh2 Ne4 41.
Qd8+ Bg8 42. Qxh4 Qe6 43. Bb2 Qd6+ 44. Kg2 Qf4 45. Qe7 1-0

[Event "FBL 1"]
[Site "?"]
[Date "2018.11.17"]
[Round "3.4"]
[White "Waechter, Nathalie"]
[Black "Obolentseva, Alexandra"]
[Result "0-1"]
[WhiteElo "2052"]
[BlackElo "2322"]
[PlyCount "76"]
[EventDate "2018.10.27"]
[EventType "team-tourn"]
[EventCountry "GER"]
[WhiteTeam "Norderstedt TuRa Harksheide"]
[BlackTeam "Koenigshofen SC"]
[WhiteTeamCountry "GER"]
[BlackTeamCountry "GER"]

1. d4 Nf6 2. c4 g6 3. Nc3 Bg7 4. e4 O-O 5. e5 Ne8 6. f4 c5 7. Be3 cxd4 8. Bxd4
Nc6 9. Be3 d6 10. Nf3 Bg4 11. Qb3 dxe5 12. Qxb7 Nd4 13. Bxd4 exd4 14. Nd5 Nd6
15. Qc7 Qxc7 16. Nxc7 Bxf3 17. gxf3 Rac8 18. Nd5 Rfe8 19. b3 Nf5 20. Bd3 e6 21.
Nb4 a5 22. Nc2 Bh6 23. Kf1 Bxf4 24. Bxf5 gxf5 25. Kg2 d3 26. Na3 e5 27. Nb5 e4
28. fxe4 fxe4 29. Rhf1 Be5 30. Rae1 Bb8 31. Nc3 e3 32. Rf3 Ba7 33. Nd5 d2 34.
Nf6+ Kg7 35. Ref1 e2 36. Rg3+ Kh8 37. Rh3 exf1=Q+ 38. Kxf1 d1=Q+ 0-1

[Event "FBL 1"]
[Site "?"]
[Date "2018.11.17"]
[Round "3.5"]
[White "Schoene, Maria"]
[Black "Rosmait, Emily"]
[Result "1/2-1/2"]
[WhiteElo "2168"]
[BlackElo "1905"]
[PlyCount "153"]
[EventDate "2018.10.27"]
[EventType "team-tourn"]
[EventCountry "GER"]
[WhiteTeam "Koenigshofen SC"]
[BlackTeam "Norderstedt TuRa Harksheide"]
[WhiteTeamCountry "GER"]
[BlackTeamCountry "GER"]

1. e4 e5 2. Nf3 Nc6 3. Bb5 Nf6 4. d3 d6 5. c3 Be7 6. O-O O-O 7. Re1 a6 8. Ba4
b5 9. Bc2 Re8 10. a4 Bb7 11. axb5 axb5 12. Rxa8 Qxa8 13. Na3 Qa6 14. Bb3 h6 15.
Nh4 Na5 16. Ba2 c5 17. b4 cxb4 18. cxb4 Nc6 19. Qb3 d5 20. Nf5 Bxb4 21. exd5
Nd4 22. Qxb4 Nxf5 23. Qxb5 Qxb5 24. Nxb5 Nxd5 25. Bxd5 Bxd5 26. Nc7 Rd8 27.
Rxe5 Be6 28. Nxe6 Rxd3 29. Re1 fxe6 30. g3 Kf7 31. Kg2 Ne7 32. Bb2 Rd2 33. Be5
Ra2 34. Rb1 Ra5 35. Bd6 Ra7 36. g4 Nd5 37. Kg3 Kf6 38. h4 g6 39. Rb8 Rh7 40. f4
Ra7 41. Rh8 Kg7 42. Be5+ Nf6 43. Bxf6+ Kxf6 44. g5+ hxg5 45. hxg5+ Kg7 46. Rb8
Kf7 47. Rh8 Kg7 48. Rc8 Kf7 49. Kg4 Rb7 50. Ra8 Rc7 51. Kf3 Rc3+ 52. Ke4 Rc4+
53. Ke3 Rc7 54. Kd4 Rd7+ 55. Ke4 Rb7 56. Rd8 Ra7 57. Rh8 Kg7 58. Rh1 Ra5 59.
Rc1 Ra7 60. Rc6 Kf7 61. Rc5 Rb7 62. Ra5 Rc7 63. Ke5 Rd7 64. Ra6 Rd5+ 65. Ke4
Rd7 66. Rb6 Ra7 67. Rb5 Rc7 68. Ke5 Rd7 69. Ra5 Rb7 70. Kd6 Rb6+ 71. Kc5 Rb7
72. Ra6 Rd7 73. Rd6 Ra7 74. Kb5 Rc7 75. Rd4 Ke7 76. Kb6 Rc2 77. Kb5 1/2-1/2

[Event "FBL 1"]
[Site "?"]
[Date "2018.11.17"]
[Round "3.6"]
[White "Zimmermann, Jasmin"]
[Black "Gvanceladze, Anna"]
[Result "0-1"]
[WhiteElo "1797"]
[BlackElo "2272"]
[PlyCount "80"]
[EventDate "2018.10.27"]
[EventType "team-tourn"]
[EventCountry "GER"]
[WhiteTeam "Norderstedt TuRa Harksheide"]
[BlackTeam "Koenigshofen SC"]
[WhiteTeamCountry "GER"]
[BlackTeamCountry "GER"]

1. e4 c6 2. d4 d5 3. exd5 cxd5 4. Bd3 Nc6 5. c3 Qc7 6. Nf3 Bg4 7. Nbd2 e6 8.
O-O Bd6 9. h3 Bh5 10. Re1 Nge7 11. b4 Rc8 12. Bb2 Bg6 13. Nb3 O-O 14. a4 a5 15.
b5 Nb8 16. Ne5 b6 17. Nxg6 Nxg6 18. Nd2 Nd7 19. Nf3 Nf4 20. Bc2 Qd8 21. Ne5
Bxe5 22. dxe5 Qg5 23. Qg4 Qxg4 24. hxg4 Ng6 25. Bxg6 fxg6 26. f3 Rc4 27. Re3
Rfc8 28. Ra3 Nc5 29. Ba1 Rxa4 30. Rxa4 Nxa4 31. Re1 Nxc3 32. Bxc3 Rxc3 33. Rb1
Rc2 34. Kf1 g5 35. g3 Kf7 36. Rb3 Ke7 37. Rb1 Kd7 38. Rb3 g6 39. Rb1 h5 40.
gxh5 gxh5 0-1

[Event "FBL 1"]
[Site "?"]
[Date "2018.11.17"]
[Round "3.1"]
[White "Javakhishvili, Lela"]
[Black "Bodnaruk, Anastasia"]
[Result "1/2-1/2"]
[WhiteElo "2477"]
[BlackElo "2426"]
[PlyCount "65"]
[EventDate "2018.10.27"]
[EventType "team-tourn"]
[EventCountry "GER"]
[WhiteTeam "Schwaebisch Hall SK"]
[BlackTeam "Rodewischer Schachmiezen"]
[WhiteTeamCountry "GER"]
[BlackTeamCountry "GER"]

1. d4 Nf6 2. c4 g6 3. Nc3 Bg7 4. e4 d6 5. h3 O-O 6. Bg5 Na6 7. Bd3 e5 8. d5 Qe8
9. g4 Nd7 10. a3 f5 11. gxf5 gxf5 12. h4 Ndc5 13. h5 h6 14. Be3 Nxd3+ 15. Qxd3
f4 16. Bd2 Nc5 17. Qc2 a5 18. f3 a4 19. O-O-O Bd7 20. Nge2 Bf6 21. Rdg1+ Bg5
22. Be1 Kf7 23. Bf2 b6 24. Kb1 Rb8 25. Nc1 Nb7 26. N3e2 Na5 27. Na2 Nb7 28. Nb4
Rg8 29. Rf1 Qc8 30. Na6 Ra8 31. Nb4 Rb8 32. Na6 Ra8 33. Nb4 1/2-1/2

[Event "FBL 1"]
[Site "?"]
[Date "2018.11.17"]
[Round "3.2"]
[White "Tsolakidou, Stavroula"]
[Black "Cornette, Deimante"]
[Result "1-0"]
[WhiteElo "2386"]
[BlackElo "2460"]
[PlyCount "113"]
[EventDate "2018.10.27"]
[EventType "team-tourn"]
[EventCountry "GER"]
[WhiteTeam "Rodewischer Schachmiezen"]
[BlackTeam "Schwaebisch Hall SK"]
[WhiteTeamCountry "GER"]
[BlackTeamCountry "GER"]

1. d4 Nf6 2. c4 e6 3. g3 d5 4. Bg2 dxc4 5. Nf3 a6 6. O-O Nc6 7. e3 Bd7 8. Qe2
Bd6 9. Qxc4 O-O 10. Rd1 Rb8 11. Nbd2 Qe7 12. Qe2 e5 13. dxe5 Nxe5 14. Nxe5 Bxe5
15. Nc4 Ba4 16. Rd2 Rfd8 17. Rb1 Bb5 18. b3 b6 19. a4 Bxc4 20. Qxc4 a5 21. Bf3
Qb4 22. Qc2 h6 23. Rd3 Rxd3 24. Qxd3 Qe7 25. Bd2 Rd8 26. Qc2 Nd5 27. Rd1 Nb4
28. Qe4 Bf6 29. Qxe7 Bxe7 30. Bc3 Rxd1+ 31. Bxd1 Nd5 32. Bb2 Bf6 33. Bc1 Nc3
34. Bf3 Na2 35. Ba3 Nb4 36. h4 Bc3 37. Kf1 Kf8 38. Be2 Ke7 39. h5 Kf6 40. Bc4
c6 41. Ke2 Ke7 42. g4 f6 43. Kf3 Kd6 44. Ke4 Be1 45. f4 Bc3 46. Kf5 Ke7 47. e4
c5 48. Bc1 Nc2 49. g5 hxg5 50. fxg5 fxg5 51. Bxg5+ Kd6 52. Kg6 Nb4 53. Bf4+ Kd7
54. Kf7 Kd8 55. e5 Nc6 56. e6 Bf6 57. h6 1-0

[Event "FBL 1"]
[Site "?"]
[Date "2018.11.17"]
[Round "3.3"]
[White "Kashlinskaya, Alina"]
[Black "Majdan, Joanna"]
[Result "1/2-1/2"]
[WhiteElo "2477"]
[BlackElo "2380"]
[PlyCount "84"]
[EventDate "2018.10.27"]
[EventType "team-tourn"]
[EventCountry "GER"]
[WhiteTeam "Schwaebisch Hall SK"]
[BlackTeam "Rodewischer Schachmiezen"]
[WhiteTeamCountry "GER"]
[BlackTeamCountry "GER"]

1. d4 Nf6 2. c4 g6 3. Nc3 Bg7 4. e4 d6 5. Nf3 O-O 6. Be2 Na6 7. O-O e5 8. Be3
Ng4 9. Bg5 Qe8 10. h3 h6 11. Bc1 Nf6 12. Bd3 c6 13. Re1 Qe7 14. a3 Nh5 15. Bc2
Nc7 16. d5 cxd5 17. cxd5 Bd7 18. Be3 Qf6 19. Kh2 Nf4 20. Ng1 g5 21. Nge2 g4 22.
Qd2 gxh3 23. Nxf4 exf4 24. Bxf4 hxg2 25. Kxg2 Qg6+ 26. Bg3 f5 27. exf5 Bxf5 28.
Bxf5 Rxf5 29. Re7 Ne8 30. Rae1 Nf6 31. Qe2 Rf8 32. Qe6+ Kh8 33. Re3 Qg5 34. Rf7
Re8 35. Re7 Rg8 36. Ne4 Nxe4 37. Qxe4 Rgf8 38. Re2 Rf4 39. Qe6 R4f6 40. Qe4 Rf4
41. Qe6 R4f6 42. Qe4 Rf4 1/2-1/2

[Event "FBL 1"]
[Site "?"]
[Date "2018.11.17"]
[Round "3.4"]
[White "Theissl Pokorna, Regina"]
[Black "Bulmaga, Irina"]
[Result "1/2-1/2"]
[WhiteElo "2306"]
[BlackElo "2386"]
[PlyCount "94"]
[EventDate "2018.10.27"]
[EventType "team-tourn"]
[EventCountry "GER"]
[WhiteTeam "Rodewischer Schachmiezen"]
[BlackTeam "Schwaebisch Hall SK"]
[WhiteTeamCountry "GER"]
[BlackTeamCountry "GER"]

1. e4 e5 2. Nf3 Nc6 3. Bc4 Bc5 4. c3 Nf6 5. d3 d6 6. Nbd2 O-O 7. O-O a6 8. Bb3
Ba7 9. h3 h6 10. Nc4 Be6 11. Re1 Re8 12. Ne3 Qd7 13. Nh4 Bxb3 14. axb3 Bxe3 15.
Rxe3 Kh7 16. Rg3 Rg8 17. Rf3 Qe6 18. Nf5 Ne7 19. Be3 d5 20. Nxe7 Qxe7 21. exd5
Nxd5 22. d4 e4 23. Rf5 Qd7 24. Qh5 Nxe3 25. fxe3 g6 26. Rd5 Qc6 27. Qe5 Rge8
28. Rc5 Rxe5 29. Rxc6 Re7 30. Rc5 Kg7 31. b4 Rd8 32. Kf2 Rd6 33. Rca5 c6 34.
Ke2 f5 35. Rf1 Rd5 36. c4 Rxa5 37. bxa5 Kf6 38. b4 Kg5 39. Rb1 Kh4 40. Kf2 g5
41. g3+ Kxh3 42. Rh1+ Kg4 43. Rxh6 Rd7 44. Rh8 Rf7 45. Rh6 Re7 46. Rh8 Rd7 47.
Rh6 Re7 1/2-1/2

[Event "FBL 1"]
[Site "?"]
[Date "2018.11.17"]
[Round "3.5"]
[White "Ambartsumova, Karina"]
[Black "Lubbe, Melanie"]
[Result "1-0"]
[WhiteElo "2371"]
[BlackElo "2346"]
[PlyCount "99"]
[EventDate "2018.10.27"]
[EventType "team-tourn"]
[EventCountry "GER"]
[WhiteTeam "Schwaebisch Hall SK"]
[BlackTeam "Rodewischer Schachmiezen"]
[WhiteTeamCountry "GER"]
[BlackTeamCountry "GER"]

1. d4 Nf6 2. c4 g6 3. Nc3 Bg7 4. g3 O-O 5. Bg2 d6 6. Nf3 c6 7. O-O Bf5 8. Bg5
Ne4 9. Nxe4 Bxe4 10. Qd2 Re8 11. Rfd1 Nd7 12. Bh3 b5 13. Qe3 Bxf3 14. Qxf3 h6
15. Qxc6 Nb6 16. c5 hxg5 17. cxb6 Qxb6 18. Qxb6 axb6 19. Bd7 Red8 20. Bxb5 Rdc8
21. Rd2 Ra7 22. a4 d5 23. e3 e6 24. b4 Bf8 25. Rb2 Rca8 26. Rc1 Be7 27. Rc6 Rb7
28. f3 Kg7 29. Kf1 Bd8 30. Ke2 Rbb8 31. Kd3 Kf6 32. e4 dxe4+ 33. fxe4 Ra7 34.
Rf2+ Kg7 35. d5 exd5 36. exd5 Be7 37. Kc4 Rab7 38. d6 Bf6 39. d7 Bd8 40. Rc8
Rc7+ 41. Rxc7 Bxc7 42. Re2 f5 43. Re8 Bd8 44. Kd5 Kf7 45. Kd6 f4 46. Bc4+ Kf6
47. Rf8+ Kg7 48. Rxd8 Rxd8 49. Ke7 fxg3 50. hxg3 1-0

[Event "FBL 1"]
[Site "?"]
[Date "2018.11.17"]
[Round "3.6"]
[White "Movsesian, Julia"]
[Black "Videnova, Iva"]
[Result "0-1"]
[WhiteElo "2324"]
[BlackElo "2316"]
[PlyCount "64"]
[EventDate "2018.10.27"]
[EventType "team-tourn"]
[EventCountry "GER"]
[WhiteTeam "Rodewischer Schachmiezen"]
[BlackTeam "Schwaebisch Hall SK"]
[WhiteTeamCountry "GER"]
[BlackTeamCountry "GER"]

1. Nf3 c5 2. e4 e6 3. c4 Nc6 4. Nc3 Nd4 5. d3 Ne7 6. Be2 Nec6 7. O-O Be7 8. a3
O-O 9. Rb1 a6 10. Bf4 b6 11. Qd2 Bb7 12. Bd1 Kh8 13. Ne5 f5 14. exf5 Rxf5 15.
Nxc6 Bxc6 16. Bg4 Rf8 17. b4 Qe8 18. Bg3 h5 19. Bd1 Qg6 20. f4 h4 21. Be1 Bd6
22. Rb2 h3 23. g4 cxb4 24. axb4 a5 25. b5 Bg2 26. Rf2 a4 27. Rxg2 hxg2 28. Qxg2
Qxd3 29. Bd2 a3 30. Ra2 Bxf4 31. Bxf4 Qxc3 32. Bg3 Qc1 0-1

[Event "FBL 1"]
[Site "?"]
[Date "2018.11.18"]
[Round "4.1"]
[White "Zatonskih, Anna"]
[Black "Jahn, Constanze"]
[Result "1-0"]
[WhiteElo "2422"]
[BlackElo "2079"]
[PlyCount "59"]
[EventDate "2018.10.27"]
[EventType "team-tourn"]
[EventCountry "GER"]
[WhiteTeam "Baden Baden OSG"]
[BlackTeam "Berlin SC Rotation Pankow"]
[WhiteTeamCountry "GER"]
[BlackTeamCountry "GER"]

1. d4 b5 2. e4 Bb7 3. Bd3 e6 4. Nf3 a6 5. O-O g6 6. c3 Bg7 7. a4 c6 8. Bf4 Ne7
9. Nbd2 d5 10. e5 Nd7 11. Re1 Nb6 12. b3 Nd7 13. Nf1 h6 14. h4 Rc8 15. Qd2 Nf5
16. Bxf5 gxf5 17. Ng3 c5 18. Nh5 Bf8 19. axb5 axb5 20. dxc5 Rxc5 21. Ra7 Qb8
22. Rea1 b4 23. cxb4 Rb5 24. Nd4 Bxb4 25. Nxb5 Bxd2 26. Rxb7 Qd8 27. Bxd2 O-O
28. Rxd7 Qxh4 29. Nf6+ Kg7 30. Ra4 1-0

[Event "FBL 1"]
[Site "?"]
[Date "2018.11.18"]
[Round "4.2"]
[White "Wagner Michel, Annett"]
[Black "Kovalevskaya, Ekaterina"]
[Result "0-1"]
[WhiteElo "2119"]
[BlackElo "2406"]
[PlyCount "116"]
[EventDate "2018.10.27"]
[EventType "team-tourn"]
[EventCountry "GER"]
[WhiteTeam "Berlin SC Rotation Pankow"]
[BlackTeam "Baden Baden OSG"]
[WhiteTeamCountry "GER"]
[BlackTeamCountry "GER"]

1. e4 c5 2. Nf3 Nc6 3. Bb5 g6 4. O-O Bg7 5. Nc3 e5 6. d3 Nge7 7. Bxc6 bxc6 8.
Bg5 h6 9. Be3 d6 10. Ne1 O-O 11. Kh1 f5 12. exf5 Nxf5 13. Qd2 Be6 14. Nf3 Qe7
15. Qe1 c4 16. Ne4 cxd3 17. cxd3 c5 18. Qa5 Qb7 19. b3 Rf7 20. Rac1 Raf8 21.
Kg1 Bd5 22. Nfd2 Bc6 23. Rfe1 Qb6 24. Qc3 Ba8 25. Nc4 Qd8 26. Ncd2 Re8 27. Qc2
d5 28. Bxc5 dxe4 29. dxe4 Nd4 30. Qc4 Ne6 31. Red1 Nxc5 32. Qxc5 Qe7 33. Qc4
Kh7 34. Nf1 Rf6 35. Ne3 Rc6 36. Qa4 Rec8 37. Rxc6 Bxc6 38. Qc4 Bb7 39. Qd3 Qc5
40. Nc4 Ba6 41. Rc1 Qd4 42. Qe2 h5 43. g3 Bh6 44. Rd1 Bxc4 45. Qf3 Qb6 46. bxc4
Rf8 47. Rd7+ Kg8 48. Qd1 Qxf2+ 49. Kh1 Qf1+ 50. Qxf1 Rxf1+ 51. Kg2 Rc1 52. Rxa7
Rxc4 53. Kf3 Rc3+ 54. Kg2 Be3 55. Ra8+ Kf7 56. h4 Rc2+ 57. Kf3 Bd4 58. g4 Rc3+
0-1

[Event "FBL 1"]
[Site "?"]
[Date "2018.11.18"]
[Round "4.3"]
[White "Kachiani Gersinska, Ketino"]
[Black "Goehler, Antje"]
[Result "1-0"]
[WhiteElo "2310"]
[BlackElo "2084"]
[PlyCount "67"]
[EventDate "2018.10.27"]
[EventType "team-tourn"]
[EventCountry "GER"]
[WhiteTeam "Baden Baden OSG"]
[BlackTeam "Berlin SC Rotation Pankow"]
[WhiteTeamCountry "GER"]
[BlackTeamCountry "GER"]

1. d4 d5 2. Nf3 e6 3. c4 c6 4. e3 Nf6 5. Bd3 Be7 6. b3 O-O 7. Bb2 b6 8. Nc3 Bb7
9. O-O Nbd7 10. Qe2 c5 11. Rad1 cxd4 12. exd4 Rc8 13. Ne5 dxc4 14. bxc4 a6 15.
f4 g6 16. Kh1 Re8 17. Qf2 Nh5 18. Ne4 f5 19. Nc3 Bb4 20. Qe3 Nxe5 21. dxe5 Qc7
22. Be2 Be7 23. Nd5 exd5 24. cxd5 Qc5 25. Bd4 Qxd5 26. Bf3 Qxa2 27. Bxb7 Rc7
28. Bf3 Qa3 29. Rd3 Qa4 30. Bxh5 gxh5 31. e6 Bc5 32. Qe5 Bxd4 33. Qxc7 Bf6 34.
Qf7+ 1-0

[Event "FBL 1"]
[Site "?"]
[Date "2018.11.18"]
[Round "4.4"]
[White "Mai, Iris"]
[Black "Tammert, Iamze"]
[Result "1-0"]
[WhiteElo "2018"]
[BlackElo "2295"]
[PlyCount "75"]
[EventDate "2018.10.27"]
[EventType "team-tourn"]
[EventCountry "GER"]
[WhiteTeam "Berlin SC Rotation Pankow"]
[BlackTeam "Baden Baden OSG"]
[WhiteTeamCountry "GER"]
[BlackTeamCountry "GER"]

1. d4 Nf6 2. Nf3 b6 3. g3 Bb7 4. Bg2 e6 5. O-O c5 6. e3 d5 7. Nbd2 Nc6 8. c3
Qc7 9. Re1 Be7 10. b3 cxd4 11. exd4 O-O 12. Bb2 Rfd8 13. Rc1 Rac8 14. Qe2 Qb8
15. Ng5 h6 16. Nh3 Bd6 17. f4 Qc7 18. Nf2 Ne7 19. Ng4 Nxg4 20. Qxg4 Nf5 21. Bf1
Bf8 22. Bd3 Nd6 23. Qe2 Bc6 24. Rf1 Qd7 25. Nf3 Bb5 26. Ne5 Bxd3 27. Qxd3 Qb5
28. Qc2 Qa5 29. a4 Nf5 30. Qd3 a6 31. g4 Nd6 32. f5 exf5 33. gxf5 Ne4 34. Ng4
Rc6 35. f6 g6 36. Ne5 Rxf6 37. Rxf6 Nxf6 38. Nc6 1-0

[Event "FBL 1"]
[Site "?"]
[Date "2018.11.18"]
[Round "4.5"]
[White "Heinemann, Josefine"]
[Black "Wolf, Sylvia"]
[Result "1-0"]
[WhiteElo "2315"]
[BlackElo "2007"]
[PlyCount "71"]
[EventDate "2018.10.27"]
[EventType "team-tourn"]
[EventCountry "GER"]
[WhiteTeam "Baden Baden OSG"]
[BlackTeam "Berlin SC Rotation Pankow"]
[WhiteTeamCountry "GER"]
[BlackTeamCountry "GER"]

1. e4 c5 2. Nf3 d6 3. d4 cxd4 4. Nxd4 Nf6 5. Nc3 a6 6. Be3 e5 7. Nb3 Be6 8. f3
h5 9. Qd2 Qc7 10. Nd5 Nxd5 11. exd5 Bf5 12. c4 Nd7 13. Na5 Be7 14. Rc1 O-O 15.
Be2 Rac8 16. O-O Bd8 17. b4 h4 18. Rfd1 Qb8 19. Nb3 b6 20. c5 b5 21. Qe1 e4 22.
f4 Nf6 23. h3 Qa8 24. c6 Ne8 25. Nd4 g6 26. Bf2 Bb6 27. Nxf5 Bxf2+ 28. Qxf2
gxf5 29. Rc3 Rc7 30. Qxh4 Qa7+ 31. Kh2 f6 32. Rg3+ Rg7 33. Bh5 Rxg3 34. Qxg3+
Ng7 35. Bg6 e3 36. Re1 1-0

[Event "FBL 1"]
[Site "?"]
[Date "2018.11.18"]
[Round "4.6"]
[White "Jeske, Kirsten"]
[Black "Sedina, Elena"]
[Result "0-1"]
[WhiteElo "1939"]
[BlackElo "2262"]
[PlyCount "66"]
[EventDate "2018.10.27"]
[EventType "team-tourn"]
[EventCountry "GER"]
[WhiteTeam "Berlin SC Rotation Pankow"]
[BlackTeam "Baden Baden OSG"]
[WhiteTeamCountry "GER"]
[BlackTeamCountry "GER"]

1. e4 Nf6 2. Nc3 d5 3. exd5 Nxd5 4. Nxd5 Qxd5 5. Nf3 Nc6 6. Be2 e5 7. d3 Bg4 8.
O-O O-O-O 9. Ne1 Bxe2 10. Qxe2 Nd4 11. Qe4 f5 12. Qxd5 Rxd5 13. Kh1 c5 14. f3
Be7 15. Be3 Bf6 16. c3 Ne6 17. a3 b6 18. b4 Kb7 19. Rb1 Rc8 20. a4 cxb4 21. c4
Ra5 22. Rxb4 Rd8 23. g3 Nc5 24. Bxc5 Rxc5 25. Kg2 a5 26. Rb5 Rxb5 27. axb5 Rd4
28. Rf2 e4 29. dxe4 fxe4 30. Rc2 e3 31. f4 Rd1 32. Nf3 Be7 33. Ng1 Rd2+ 0-1